| 000 | 00798nam a2200253Ia 4500 | ||
|---|---|---|---|
| 003 | OSt | ||
| 005 | 20250313141156.0 | ||
| 008 | 210210b2015 xxu||||| |||| 00| 0 eng d | ||
| 020 | _a9788183901451 | ||
| 040 | _cAL | ||
| 041 | _ahin | ||
| 082 | _aH891.309 RAJY | ||
| 100 |
_aRAJIV (C): _9206030 |
||
| 110 |
_bराजीव सी _9206031 |
||
| 245 |
_aU R Anantmurti ke upanyason mein adhunikta bodh: _bयु आर अनंतमूर्ति के उपन्यासों में आधुनिकता बोध |
||
| 260 |
_aDilli _b- _c2015 |
||
| 300 | _ax,157 | ||
| 650 |
_aYu _9206032 |
||
| 690 |
_aHindi Criticism _9206033 |
||
| 700 |
_aVADHAN (Amarsimh): _9206034 |
||
| 710 |
_bवधान अमरसिंह _9206035 |
||
| 906 | _a070517 | ||
| 942 |
_2ddc _cBK |
||
| 999 |
_c119941 _d119941 |
||